[Event "HCL-C4147"]
[Site "www.playchess.de"]
[Date "2006.03.16"]
[Round "6"]
[White "Peanutbutterjelly"]
[Black "gabrielvui"]
[WhiteElo "1000"]
[BlackElo "800"]
[PlyCount "41"]
[Result "1-0"]

1.e4 e5 2.Nf3 Nc6 3.Bc4 d6 4.d3 Nf6 5.Bg5 Be7 
6.Nc3 Be6 7.Qe2 O-O 8.Bxe6 fxe6 9.O-O-O d5 10.h4 
h6 11.Bxf6 Bxf6 12.g4 Nb4 13.g5 hxg5 14.hxg5 Be7 
15.Nxe5 Bd6 16.g6 Qg5+ 17.Kb1 Qxe5 18.Qh5 Qxh5 
19.Rxh5 Rxf2 20.Rdh1 Nxc2 21.R5h8+ 1-0

[Event "HCL-C4098"]
[Site "www.playchess.de"]
[Date "2006.03.16"]
[Round "9"]
[White "winnetou"]
[Black "aidogael"]
[WhiteElo "860"]
[BlackElo "1126"]
[PlyCount "60"]
[Result "0-1"]

1.e4 {Greetings!}  e5 {Greetings from Dublin, 
Ireland}  2.Nf3 Nc6 3.Bc4 d6 4.Ng5 Qxg5 5.d4 {I'm 
a fool...}  Qxg2 6.Rf1 Qxh2 7.c3 Bh3 8.Nd2 Bxf1 
9.Nxf1 Qh4 10.Bd5 O-O-O 11.Be3 Nge7 12.Bxf7 Qxe4 
13.Ng3 Qh4 14.d5 Kb8 15.dxc6 Nxc6 16.Qd5 Be7 
17.O-O-O Bg5 18.Nf5 Bxe3+ 19.fxe3 Qf2 20.e4 h5 
21.Qc4 h4 22.Rf1 Qg2 23.Ne3 Qg5 24.Rf5 Qxe3+ 
25.Kc2 h3 26.Qf1 Qxe4+ 27.Kc1 h2 28.Rh5 Rxh5 
29.Bxh5 h1Q 30.Qxh1 Qxh1+ 0-1

[Event "ACL-A645"]
[Site "www.playchess.de"]
[Date "2006.03.16"]
[Round "17"]
[White "Franciscan"]
[Black "M_L"]
[WhiteElo "1900"]
[BlackElo "1500"]
[PlyCount "121"]
[Result "1-0"]

1.e4 {Many greetings to Finland from Czech 
republic. I hope, we shall have a good game.}  e5 
{Thanks, nice to meet you..I believe we will =).}  
2.Nf3 Nc6 3.Bb5 a6 4.Ba4 Nf6 5.O-O Be7 6.Re1 b5 
7.Bb3 d6 8.c3 O-O 9.h3 Na5 10.Bc2 c5 11.d4 Qc7 
12.Nbd2 cxd4 13.cxd4 Nc6 14.Nb3 {I wish merry 
Christmas and all the best in 2006.}  a5 {Merry 
Christmas to you too!}  15.Be3 a4 16.Nbd2 {Can you 
write me in which part of Finland do you live ?}  
Bd7 {I live in southeastern part of Finland.}  
17.Rc1 {Thank you for your information.}  Rfc8 
18.Bd3 Qb7 19.Qe2 Ne8 20.a3 exd4 21.Nxd4 Nxd4 
22.Bxd4 Rxc1 23.Rxc1 Nc7 24.Bc3 Ne6 25.Bb1 Re8 
26.Re1 Nc5 27.Qf3 Bf8 28.Nf1 Bc6 29.Ng3 Re6 30.Qf5 
Qd7 31.Kh2 Qe8 32.Re3 Rg6 33.Qf3 Qe6 34.Ne2 Qe7 
35.Nf4 Rh6 36.Nd5 Qh4 37.Ba2 Bd7 38.Qe2 Ne6 39.Rf3 
Rg6 40.Qe3 Qd8 41.Nf4 Rh6 42.Kg1 Qg5 43.Nd5 Qxe3 
44.Rxe3 Nc5 45.f3 Re6 46.Re2 Re8 47.Rd2 Be6 48.g4 
Na6 49.Kf2 Rc8 50.f4 Nc7 51.Kf3 Nxd5 52.Bxd5 g6 
53.f5 {Congratulation to the 2.place in ice hockey 
on the Olympic games.}  Bxd5 {Thanks, great result 
for us anyway..Congrats also for bronzemedals. 
Btw, you guys can really win finals, 6/6, I admire 
that..:) We still miss that, only 1/8. Looking 
forward for the world championships in spring, 
hoping for Czech - Finland final ;)}  54.Rxd5 Rc5 
55.Rd1 Rc8 {(offering draw)}  56.f6 {Dear 
chessfriend, I don´t accept your offer, I am 
sorry. This is my final game in the server and I 
wont to win it.}  h6 {That´s ok. Sorry to hear, 
glad we had this game.}  57.Rd5 Rc5 58.Bb4 Rc8 
59.Rxb5 Kh7 60.h4 Ra8 61.Ra5 1-0

[Event "HCL-E1555"]
[Site "www.playchess.de"]
[Date "2006.03.16"]
[Round "9"]
[White "manolo_vs"]
[Black "kinghunter"]
[WhiteElo "1552"]
[BlackElo "1789"]
[PlyCount "51"]
[Result "0-1"]

1.e4 d6 2.d4 Nf6 3.Bd3 e5 4.dxe5 dxe5 5.a3 Be6 
6.f4 exf4 7.Bb5+ Nbd7 8.Nc3 c6 9.Bd3 Bc5 10.Nf3 
Qc7 11.b4 Be3 12.Bxe3 fxe3 13.Qe2 O-O 14.Qxe3 Ng4 
15.Qe2 Nge5 16.O-O Nf6 17.Rad1 Rad8 18.h3 Nh5 
19.Qe3 h6 20.Ne2 b6 21.Nf4 Nxf4 22.Qxf4 Nxf3+ 
23.Rxf3 Qxf4 24.Rxf4 Rd7 25.Be2 Rxd1+ 
26.Rf1 0-1

[Event "HCL-B3917"]
[Site "www.playchess.de"]
[Date "2006.03.16"]
[Round "3"]
[White "nichju"]
[Black "eisbaer17"]
[WhiteElo "1037"]
[BlackElo "1310"]
[PlyCount "85"]
[Result "1-0"]

1.e4 {Hallo!}  c5 {tach}  2.c3 g6 3.d4 Bg7 4.d5 d6 
5.Bc4 Nf6 6.Nd2 O-O 7.Ngf3 Bg4 8.O-O Bxf3 9.Qxf3 
Nbd7 10.Qh3 Ne5 11.f4 Nxc4 12.Nxc4 Nxe4 13.f5 b5 
14.Ne3 Qd7 15.Ng4 Nf6 16.Bh6 Nxg4 17.Bxg7 Ne3 
18.Qxe3 Kxg7 19.Qg5 f6 20.Qg4 c4 21.Rae1 a5 22.Re3 
Qb7 23.Rh3 g5 24.Qh5 Rfh8 25.Qh6+ Kg8 26.Re1 Re8 
27.Rhe3 Qxd5 28.h4 Qxf5 29.R3xe7 Rxe7 30.Rxe7 Qb1+ 
31.Kh2 Qg6 32.hxg5 fxg5 33.Qh3 Kf8 34.Ra7 g4 
35.Qh4 g3+ 36.Kh3 Qf5+ 37.Kxg3 Rg8+ 38.Kh2 Qe5+ 
39.Kh1 a4 40.Qf2+ Ke8 41.Qf7+ Kd8 42.Qxg8+ Qe8 
43.Ra8+ 1-0

[Event "HCL-C3964"]
[Site "www.playchess.de"]
[Date "2006.03.16"]
[Round "8"]
[White "garden"]
[Black "Doc"]
[WhiteElo "1056"]
[BlackElo "1121"]
[PlyCount "97"]
[Result "1-0"]

1.e4 {hi from Sao Paulo, Brazil! ps. your 
President was in Brazil yesterday!}  e5 {Hi and 
good luck from Farwell, Michigan. Did you keep 
him?}  2.Nf3 Nc6 3.d3 {no, not really....}  Bc5 
4.Nc3 Nf6 5.Bg5 O-O 6.Nd5 Be7 7.Bxf6 Bxf6 8.Be2 d6 
9.c4 Be6 10.Qb3 b6 11.O-O a5 12.a4 Nd4 13.Nxd4 
exd4 14.h3 Be5 15.f4 h6 16.fxe5 dxe5 17.Qa3 Re8 
18.b4 Qg5 19.Nxc7 Bxh3 20.Rf2 Qg6 21.Bf3 Rec8 
22.Nxa8 Rxa8 23.b5 Re8 24.Kf1 Be6 25.Qd6 Qg3 
26.Qxb6 Qh2 27.Rd1 Bd7 28.Qxa5 Qg3 29.Qc7 Bc8 
30.b6 h5 31.Bxh5 g6 32.b7 Bxb7 33.Bxg6 Qxg6 
34.Qxb7 Re6 35.Rb1 Ra6 36.Qb8+ Kg7 37.Qxe5+ f6 
38.Rb7+ Kh6 39.Qxd4 Qg5 40.Rf5 Qc1+ 41.Ke2 Qc2+ 
42.Kf3 Qd1+ 43.Kg3 Qe1+ 44.Kh2 Qh4+ 45.Kg1 Kg6 
46.Qf2 Qh8 47.Qg3+ Kh6 48.Qh4+ Kg6 
49.Qxh8 1-0

[Event "HCL-C4183"]
[Site "www.playchess.de"]
[Date "2006.03.16"]
[Round "19"]
[White "Grunert"]
[Black "cla114"]
[WhiteElo "994"]
[BlackElo "821"]
[PlyCount "72"]
[Result "0-1"]

1.d4 Nf6 2.e3 g6 3.g3 Bg7 4.Bg2 d6 5.Nf3 O-O 6.O-O 
e5 7.dxe5 dxe5 8.Qxd8 Rxd8 9.Nc3 Nc6 10.b3 Bf5 
11.Ne1 Rd6 12.Nb5 Rd7 13.Bb2 a6 14.Nc3 Nb4 15.Bxb7 
Rad8 16.Ng2 Nxc2 17.Rac1 c5 18.e4 Nxe4 19.Nxe4 
Rxb7 20.Nxc5 Rb6 21.Nh4 Nd4 22.Nxf5 Nxf5 23.Na4 
Rbd6 24.Rc5 e4 25.Bxg7 Kxg7 26.Re1 R6d4 27.Re5 e3 
28.fxe3 R4d2 29.Nc3 a5 30.Rxa5 R8d3 31.Na4 Nxe3 
32.Nc5 Rg2+ 33.Kh1 Rdd2 34.Rxe3 Rgf2 35.Ne4 Rd1+ 
36.Re1 Rxe1+ 0-1

[Event "HCL-M900"]
[Site "www.playchess.de"]
[Date "2006.03.16"]
[Round "10"]
[White "Ezechiel"]
[Black "Kurt_Rohrer"]
[WhiteElo "1757"]
[BlackElo "1922"]
[PlyCount "49"]
[Result "0-1"]

1.e4 {Hi Kurt - have fun!!}  c5 {Hi from 
Brazil,have fun too!}  2.Nf3 d6 3.Bb5+ Bd7 4.Bxd7+ 
Qxd7 5.O-O Nf6 6.e5 dxe5 7.Nxe5 Qc8 8.d4 e6 9.Be3 
cxd4 10.Bxd4 Nc6 11.Nxc6 Qxc6 12.Bxf6 gxf6 13.Qd4 
Rg8 14.g3 f5 15.Nc3 Bg7 16.Qa4 Qxa4 17.Nxa4 Rc8 
18.c4 Rxc4 19.Rac1 Rxc1 20.Rxc1 Kd8 21.f4 Re8 
22.Kg2 Re7 23.Kf3 Rd7 24.Rc2 Rc7 
25.b3 0-1

[Event "HCL-A2617"]
[Site "www.playchess.de"]
[Date "2006.03.16"]
[Round "19"]
[White "mrchess"]
[Black "Matu"]
[WhiteElo "1473"]
[BlackElo "1536"]
[PlyCount "82"]
[Result "0-1"]

1.d4 {good luck}  Nf6 {hello and good luck}  2.Bg5 
h6 3.Bxf6 exf6 4.e4 d5 5.Nd2 c5 6.c3 cxd4 7.cxd4 
Bb4 8.a3 Bxd2+ 9.Qxd2 dxe4 10.Rc1 O-O 11.Qc2 Nc6 
12.Ne2 f5 13.g3 Nxd4 14.Nxd4 Qxd4 15.Bc4 a6 16.Qb3 
b5 17.Bd5 Ra7 18.O-O Rd7 19.Rfd1 Qe5 20.Rc5 Qe7 
21.Rdc1 Bb7 22.Bxb7 Rxb7 23.Qd5 g6 24.R5c6 Kh7 
25.Rxa6 Rd8 26.Qc6 e3 27.fxe3 Qxe3+ 28.Kh1 Rbd7 
29.Rf1 Qe2 30.Qg2 R7d2 31.Rg1 Rxb2 32.Rf6 Kg7 
33.Rc6 Rdd2 34.Qxe2 Rdxe2 35.Rd1 Rexh2+ 36.Kg1 
Rhg2+ 37.Kh1 Rxg3 38.a4 bxa4 39.Ra6 a3 40.Ra7 a2 
41.Re1 Rb1 0-1

[Event "HCL-M858"]
[Site "www.playchess.de"]
[Date "2006.03.16"]
[Round "5"]
[White "Goofy"]
[Black "dorge"]
[WhiteElo "2041"]
[BlackElo "1979"]
[PlyCount "141"]
[Result "1-0"]

1.d4 g6 {good luck}  2.e4 {Same to you! ;o))}  d6 
3.Nf3 Bg7 4.Bc4 Nf6 5.Qe2 O-O 6.O-O d5 7.exd5 Nxd5 
8.Nc3 Nb6 9.Bb3 Nc6 10.Rd1 Bg4 11.Be3 Na5 12.h3 
Bf5 13.Ne5 Nxb3 14.axb3 Nd5 15.Nxd5 Qxd5 16.c4 Qd6 
17.Bf4 a6 18.g4 Bc8 19.Qe3 g5 20.Bg3 Qh6 21.Kg2 f5 
22.gxf5 Bxf5 23.Ng4 Qg6 24.Rde1 Rad8 25.Rad1 Rd7 
26.Be5 Bxg4 27.hxg4 Bxe5 28.Qxe5 Rf4 29.f3 c6 
30.Re4 Rf6 31.Rde1 h6 32.b4 Qf7 33.Qb8+ Kg7 
34.R1e3 Rfd6 35.b3 e6 36.Qa7 Qf6 37.Rd3 Rf7 38.Qc5 
Rd8 39.Rde3 Rdd7 40.Kf2 Rf8 41.Ke2 Re8 42.Rd3 Red8 
43.Ke3 Rf7 44.Qe5 Kf8 45.Qxe6 Qxf3+ 46.Kd2 Qf2+ 
47.Kc3 Kg7 48.Rh3 Rf6 49.Qe7+ Rf7 50.Qe5+ Kg6 
51.Rhe3 Rdf8 52.R3e2 Qg1 53.Kb2 R7f1 54.d5 Ra1 
55.Qe6+ Kg7 56.R2e1 Rxe1 57.Rxe1 Qf2+ 58.Ka3 cxd5 
59.cxd5 Qd4 60.Qe7+ Rf7 61.Qc5 Qxg4 62.Qc3+ Kh7 
63.Re8 Qf5 64.Qh8+ Kg6 65.Re6+ Rf6 {(offering 
draw)}  66.Qe8+ Kg7 67.Re7+ Rf7 68.d6 Rxe7 
69.Qxe7+ Qf7 70.Qc7 Kg6 71.d7 1-0

[Event "HCL-B3881"]
[Site "www.playchess.de"]
[Date "2006.03.16"]
[Round "9"]
[White "mitke"]
[Black "RUDI"]
[WhiteElo "1291"]
[BlackElo "1234"]
[PlyCount "69"]
[Result "1-0"]

1.e4 e5 {hello zdenko, nice game!}  2.Nf3 {hi from 
Pula,Croatia}  Nc6 3.Bc4 Bc5 4.O-O Nf6 5.d3 O-O 
6.Bg5 Be7 7.h3 d6 8.Nc3 a6 9.Qd2 Nh5 10.Nd5 Re8 
11.Nxe7+ Nxe7 12.g4 Nf4 13.Bxf4 exf4 14.Qxf4 Be6 
15.Bxe6 Kh8 16.Bb3 f6 17.Nd4 c6 18.Nf5 Nxf5 
19.Qxf5 Qe7 20.Rae1 a5 21.c3 b5 22.d4 a4 23.Bc2 g6 
24.Qf3 Qd7 25.Qg3 Re7 26.f4 d5 27.exd5 Rxe1 
28.Rxe1 Re8 29.dxc6 Qxc6 30.Rxe8+ Qxe8 31.Kf2 Qc6 
32.Qf3 Qxf3+ 33.Kxf3 Kg7 34.Ke4 Kf7 
35.c4 1-0

[Event "HCL-A2629"]
[Site "www.playchess.de"]
[Date "2006.03.16"]
[Round "23"]
[White "mrchess"]
[Black "froilo"]
[WhiteElo "1436"]
[BlackElo "1490"]
[PlyCount "48"]
[Result "0-1"]

1.e4 {good luck}  c5 {thanks, same wish}  2.Nf3 d6 
3.Bc4 g6 4.Ng5 e6 5.Qf3 Qxg5 6.O-O Qf6 7.Qb3 a6 
8.Nc3 b5 9.Be2 Nc6 10.a3 c4 11.Qa2 Nd4 12.Bd1 Bg7 
13.Ne2 Bb7 14.f3 Nxe2+ 15.Bxe2 Qh4 16.g3 Qh3 17.a4 
d5 18.d3 h5 19.Qa3 h4 20.g4 Be5 21.f4 Bd4+ 22.Kh1 
dxe4 23.dxe4 Bxe4+ 24.Bf3 Qxf1+ 0-1

[Event "HCL-A2622"]
[Site "www.playchess.de"]
[Date "2006.03.16"]
[Round "7"]
[White "victorabiodun03"]
[Black "schlueter"]
[WhiteElo "1596"]
[BlackElo "1597"]
[PlyCount "43"]
[Result "1-0"]

1.f4 e5 2.fxe5 Nc6 3.Nf3 d6 4.exd6 Bxd6 5.e4 g5 
6.Bc4 g4 7.O-O Be6 8.Bxe6 fxe6 9.e5 Bxe5 10.Nxe5 
Nxe5 11.d4 Nf7 12.Qxg4 Ne7 13.Qxe6 Rf8 14.c3 Qd6 
15.Qxd6 Nxd6 16.Bf4 Kd7 17.Nd2 Rae8 18.Bxd6 cxd6 
19.Rae1 Nd5 20.Rxe8 Rxe8 21.Rf7+ Kc6 
22.Kf2 1-0

[Event "HCL-A2545"]
[Site "www.playchess.de"]
[Date "2006.03.16"]
[Round "7"]
[White "pop3dan"]
[Black "hajken"]
[WhiteElo "1300"]
[BlackElo "1900"]
[PlyCount "74"]
[Result "1/2-1/2"]

1.e4 e5 2.Nf3 Nc6 3.Bb5 a6 4.Ba4 Nf6 5.O-O Be7 
6.Re1 b5 7.Bb3 O-O 8.c3 d6 9.h3 Na5 10.Bc2 c5 
11.d4 Qc7 12.Nbd2 Nb7 13.a4 Bd7 14.Nf1 Rfc8 15.d5 
c4 16.Ng3 Nc5 17.axb5 axb5 18.Rxa8 Rxa8 19.Nf5 
Bxf5 20.exf5 Qb7 21.Bg5 Qxd5 22.Bxf6 Qxd1 23.Rxd1 
gxf6 24.Ne1 Ra2 25.Rb1 Na4 26.Bxa4 Rxa4 27.Nc2 d5 
28.Kf1 b4 29.Ne3 d4 30.cxd4 exd4 31.Nxc4 b3 32.Nd2 
Rb4 33.Ke2 Rb5 34.g4 Bd6 35.Kd3 Rb4 36.Ra1 Bf4 
37.Nf3 Be5 1/2-1/2

[Event "HCL-A2629"]
[Site "www.playchess.de"]
[Date "2006.03.16"]
[Round "27"]
[White "mrchess"]
[Black "hal1958"]
[WhiteElo "1436"]
[BlackElo "1410"]
[PlyCount "79"]
[Result "1-0"]

1.e4 {prettige partij}  d6 2.Nf3 Nf6 3.Nc3 e5 
4.Bc4 h6 5.d3 a6 6.O-O Be7 7.Re1 O-O 8.d4 b5 9.Bb3 
Bg4 10.h3 Bh5 11.g4 Bg6 12.Nh4 Bh7 13.Nf5 Bxf5 
14.exf5 exd4 15.Qxd4 c5 16.Qe3 Nc6 17.Nd5 c4 
18.Nxe7+ Nxe7 19.Qxe7 cxb3 20.axb3 Qxe7 21.Rxe7 
Rfe8 22.Rxe8+ Nxe8 23.Bf4 Kf8 24.Kf1 f6 25.b4 Ke7 
26.Ke2 Nc7 27.c3 Nd5 28.Bg3 Nb6 29.b3 Nd5 30.Kd3 
Kd7 31.Kd4 Ne7 32.Rd1 Kc6 33.Ke4 d5+ 34.Kd4 Nc8 
35.Re1 Nd6 36.Re6 Rd8 37.Re7 Rd7 38.Rxd7 Kxd7 
39.Kxd5 Nb7 40.c4 1-0

[Event "HCL-C4192"]
[Site "www.playchess.de"]
[Date "2006.03.16"]
[Round "10"]
[White "Milosforman"]
[Black "Veltliner"]
[WhiteElo "1022"]
[BlackElo "1184"]
[PlyCount "46"]
[Result "0-1"]

1.d4 e6 2.e4 d6 3.Nf3 Nf6 4.Bd3 c5 5.e5 Nd5 6.c4 
Nb4 7.a3 Nxd3+ 8.Qxd3 cxd4 9.Nxd4 dxe5 10.Be3 exd4 
11.Bxd4 Nc6 12.O-O Nxd4 13.Rd1 e5 14.f4 Bd6 15.Re1 
f6 16.fxe5 Bxe5 17.Nc3 O-O 18.Re3 Bf5 19.Qd2 Nf3+ 
20.gxf3 Qxd2 21.Nd5 Bd6 22.Rae1 Qxh2+ 23.Kf1 
Bh3+ 0-1

[Event "HCL-C4211"]
[Site "www.playchess.de"]
[Date "2006.03.16"]
[Round "2"]
[White "Mercator"]
[Black "nichju"]
[WhiteElo "1123"]
[BlackElo "995"]
[PlyCount "40"]
[Result "0-1"]

1.e4 {Nice game to you !}  e5 {Hello again and 
good luck to you}  2.Nf3 d6 3.d4 exd4 4.Nxd4 Nf6 
5.Bg5 Be7 6.Nc3 O-O 7.Bd3 Bd7 8.O-O Nc6 9.Re1 Nxd4 
10.Bxf6 Bxf6 11.e5 dxe5 12.Ne4 Bh4 13.Qh5 g6 
14.Qh6 Nf5 15.Qd2 Nd4 16.c3 Nf5 17.g4 Nd6 18.Qh6 
Bxg4 19.Re3 Nf5 20.Rg3 Nxh6 0-1

[Event "HCL-E1563"]
[Site "www.playchess.de"]
[Date "2006.03.16"]
[Round "6"]
[White "SABU"]
[Black "Harijs"]
[WhiteElo "2048"]
[BlackElo "1848"]
[PlyCount "89"]
[Result "1-0"]

1.e4 c5 2.Nf3 d6 3.d4 cxd4 4.Nxd4 Nf6 5.Nc3 e5 
6.Bb5+ Nbd7 7.Nf5 a6 8.Ba4 b5 9.Bb3 Nc5 10.Bd5 
Nxd5 11.Nxd5 Nxe4 12.Nfe3 f5 13.O-O Be6 14.g3 Be7 
15.a4 bxa4 16.Rxa4 O-O 17.f3 Nc5 18.Ra3 Bg5 19.b4 
Nd7 20.f4 Bh6 21.Rc3 exf4 22.gxf4 Ra7 23.Qd4 Rb7 
24.Rc6 Nb8 25.Rxd6 Qxd6 26.Nf6+ Rxf6 27.Qxd6 Bc4 
28.Qc5 Rc6 29.Qe5 Re6 30.Qc3 Rg6+ 31.Kf2 Be6 
32.Qc5 Bxf4 33.Nd5 Bxh2 34.Bf4 Bxf4 35.Nxf4 Kf7 
36.Re1 Re7 37.Qd6 Re8 38.c4 Rf6 39.Qc7+ Nd7 
40.Nxe6 Rfxe6 41.Qxd7+ R8e7 42.Qd5 f4 43.c5 Kf6 
44.Rxe6+ Rxe6 45.c6 1-0

[Event "HCL-B3895"]
[Site "www.playchess.de"]
[Date "2006.03.16"]
[Round "20"]
[White "Ultimate"]
[Black "DavidFields"]
[WhiteElo "1681"]
[BlackElo "1198"]
[PlyCount "47"]
[Result "1-0"]

1.e4 d6 {hello from Texas, USA}  2.d4 Nf6 3.Nc3 
{Hello back from Swiss}  b6 4.Nf3 c5 5.Bb5+ Bd7 
6.Bxd7+ Qxd7 7.O-O cxd4 8.Nxd4 e5 9.Nf5 Nc6 10.Qf3 
Nd4 11.Nxd4 exd4 12.e5 Rc8 13.exf6 dxc3 14.Re1+ 
Kd8 15.fxg7 Bxg7 16.Bg5+ Kc7 17.Re7 Qxe7 18.Bxe7 
cxb2 19.Rd1 Be5 20.Qxf7 Kb8 21.f4 b1Q 22.Rxb1 Bd4+ 
23.Kf1 Rc7 24.Bxd6 1-0

[Event "HCL-C4165"]
[Site "www.playchess.de"]
[Date "2006.03.16"]
[Round "8"]
[White "daveboy6968"]
[Black "Skipper_Robert"]
[WhiteElo "940"]
[BlackElo "987"]
[PlyCount "122"]
[Result "0-1"]

1.e4 {hi+good luck :-)}  e5 2.Bc4 Nf6 {allso good 
luck}  3.d3 {:-)}  d6 4.Bg5 Be7 5.Bxf6 Bxf6 6.Qf3 
Nc6 7.Ne2 Bd7 8.c3 Qe7 9.Ng3 g6 10.O-O O-O-O 
11.Na3 a6 12.Bd5 b5 13.b4 h5 14.Ne2 Nb8 15.Qe3 c6 
16.Bb3 g5 17.g3 h4 18.Rad1 Bg4 19.f3 Bh3 20.Rf2 
hxg3 21.Nxg3 Qd7 22.Nf5 Bxf5 23.exf5 Qxf5 24.Kf1 
Rdf8 25.Nc2 Qh3+ 26.Ke2 g4 27.fxg4 Qxg4+ 28.Qf3 
Qg6 29.Rg2 Qh6 30.Ne3 d5 31.Nf5 Qh7 32.d4 e4 
33.Qf4 Qh5+ 34.Ke3 Qh3+ 35.Rg3 Qxh2 36.Nd6+ Kc7 
37.Nxf7+ Kb7 38.Nxh8 Qxh8 39.Rdg1 Bxd4+ 40.cxd4 
{oops :-(}  Rxf4 41.Kxf4 {thought you might do 
that :-)}  Qxd4 {It looks not good for me}  
42.R3g7+ {we must try :-)}  Kb6 43.a3 e3+ 44.Kf3 
Qe4+ 45.Ke2 d4 46.R1g4 Qb1 47.Bd1 Qa2+ 48.Kd3 Qd2+ 
49.Ke4 Qxd1 50.R4g1 Qd2 51.R7g2 e2 52.Rf2 Qe3+ 
53.Kf5 Qxf2+ 54.Ke6 Qxg1 55.Kd6 e1Q 56.a4 Qxb4+ 
57.Ke5 Qge1+ 58.Kf4 d3+ 59.Kf5 Qf8+ 60.Kg4 Qg1+ 
61.Kh3 Qh8+ 0-1

[Event "HCL-E1571"]
[Site "www.playchess.de"]
[Date "2006.03.16"]
[Round "32"]
[White "chess50"]
[Black "Harijs"]
[WhiteElo "2108"]
[BlackElo "1846"]
[PlyCount "107"]
[Result "1-0"]

1.e4 c5 2.c3 Nc6 3.Bb5 Nf6 4.d3 a6 5.Bxc6 dxc6 
6.Nf3 e6 7.O-O Nd7 8.Bf4 Be7 9.Nbd2 b5 10.Qe1 g5 
11.Bg3 h5 12.h3 g4 13.hxg4 hxg4 14.Nh2 Bh4 15.Nxg4 
Bxg3 16.fxg3 Qg5 17.Nh2 Qh6 18.Ndf3 Qg7 19.Nh4 a5 
20.Qf2 b4 21.d4 Ba6 22.Rfd1 Nf6 23.Qf3 bxc3 
24.bxc3 cxd4 25.cxd4 Bb5 26.a4 Ba6 27.Rac1 Bb7 
28.Rcb1 Bc8 29.Rdf1 Nh7 30.e5 Bd7 31.Qf4 Bc8 
32.Ng4 O-O 33.Nh6+ Kh8 34.Nxf7+ Kg8 35.Nh6+ Kh8 
36.Qe3 Ba6 37.Rxf8+ Rxf8 38.Rb6 Rf1+ 39.Kh2 Bc4 
40.Rxc6 Bd5 41.Rc5 Ng5 42.Rc8+ Kh7 43.Qe2 Rf8 
44.N6f5 Nf3+ 45.gxf3 exf5 46.Rxf8 Qxf8 47.Qa6 Qh6 
48.Qxa5 Qc6 49.Qc5 Bxf3 50.Nxf5 Qg6 51.Nh4 Qh5 
52.Qc7+ Kh8 53.Qc8+ Kg7 54.Qd7+ 1-0

[Event "HCL-C4213"]
[Site "www.playchess.de"]
[Date "2006.03.16"]
[Round "20"]
[White "Skipper_Robert"]
[Black "O_Man"]
[WhiteElo "891"]
[BlackElo "1123"]
[PlyCount "60"]
[Result "0-1"]

1.e4 {Hallo!}  c5 {greetings from memphis, home of 
Elvis}  2.d3 {good luck and all the best wishes to 
Elvis}  d6 {he said thanks :)}  3.Nc3 {:-)}  Nc6 
4.Be3 f5 5.exf5 Bxf5 6.Qd2 e5 7.O-O-O {last move 
for today, bye}  Nf6 8.h3 Be7 9.g4 Bg6 10.Bg2 d5 
11.Nce2 d4 12.Bg5 Nxg4 13.Rf1 Bxg5 14.f4 exf4 
15.Nxf4 O-O 16.hxg4 Ne5 17.Bxb7 Rb8 18.Bd5+ Qxd5 
19.Nxd5 Bxd2+ 20.Kxd2 Rxf1 21.Ne7+ Kf7 22.Nd5 Nf3+ 
23.Nxf3 Rxh1 24.Ng5+ Ke8 25.Nc7+ Kd7 26.Nce6 Rh2+ 
27.Kd1 Rxb2 28.Nxc5+ Ke8 29.Kc1 Rhxc2+ 30.Kd1 
Rxc5 0-1

[Event "HCL-A2583"]
[Site "www.playchess.de"]
[Date "2006.03.16"]
[Round "8"]
[White "jerrylaine"]
[Black "MBartl"]
[WhiteElo "1592"]
[BlackElo "1516"]
[PlyCount "40"]
[Result "0-1"]

1.e4 {Greetings from Wintter!!}  e5 {Greetings 
from Austria!}  2.Nf3 Nf6 3.d4 Nxe4 4.Bd3 d5 
5.Nxe5 Nd7 6.Qe2 Nxe5 7.Bxe4 dxe4 8.Qxe4 Be6 
9.Qxe5 Qd7 10.O-O O-O-O 11.Be3 Bd6 12.Qa5 a6 
13.Nd2 f5 14.f4 h5 15.c4 h4 16.d5 Bf7 17.b4 c6 
18.dxc6 Qxc6 19.b5 axb5 20.cxb5 
Qd5 0-1

[Event "HCL-A2543"]
[Site "www.playchess.de"]
[Date "2006.03.16"]
[Round "15"]
[White "mrchess"]
[Black "Marius_sah"]
[WhiteElo "1503"]
[BlackElo "1501"]
[PlyCount "105"]
[Result "1/2-1/2"]

1.d4 {good luck}  d5 {Hi. Good luck!}  2.e3 Nf6 
3.Bd3 e6 4.f4 c5 5.c3 c4 6.Bc2 Be7 7.Nf3 Nc6 8.Ne5 
O-O 9.Nd2 Nxe5 10.fxe5 Nd7 11.O-O b5 12.Rf3 Bb7 
13.Rh3 g6 14.Qg4 Re8 15.Nf3 Nf8 16.Rh6 Bc8 17.Bd2 
f5 18.Qh3 a5 19.Be1 Bg5 20.Nxg5 Qxg5 21.Rh4 h5 
22.Bd1 Ra7 23.Qg3 Qxg3 24.Bxg3 Nh7 25.Be2 Ng5 
26.Bf3 Kg7 27.Bf4 Nf7 28.Bg3 b4 29.Be1 Rb7 30.Be2 
Ng5 31.Rf4 Ne4 32.h3 bxc3 33.bxc3 Rb2 34.Bf1 Rc2 
35.g4 hxg4 36.hxg4 Nxc3 37.Bxc3 Rxc3 38.Kf2 Rh8 
39.Bg2 Rc2+ 40.Kg3 Rb2 41.Rf2 Rxf2 42.Kxf2 Ba6 
43.gxf5 gxf5 44.Rb1 Rc8 45.Ke1 Rh8 46.Rb6 Rh2 
47.Bxd5 exd5 48.Rxa6 Rxa2 49.Rf6 Ra1+ 50.Kd2 Ra2+ 
51.Ke1 c3 52.Rc6 Ra3 53.Ke2 1/2-1/2

[Event "ACL-A662"]
[Site "www.playchess.de"]
[Date "2006.03.16"]
[Round "9"]
[White "KDHB"]
[Black "PhilipKaveny"]
[WhiteElo "1500"]
[BlackElo "1538"]
[PlyCount "45"]
[Result "0-1"]

1.d4 {Hallo, good luck.}  g6 2.Nf3 d6 3.e4 Bg7 
{Good luck I meant to greet you I like palying 
Germans you are good sports}  4.c3 {Thank you, 
good Patie}  Nf6 5.Nbd2 O-O 6.Bd3 c6 7.O-O b5 
8.Re1 a5 9.Qc2 Ba6 10.h3 c5 11.dxc5 dxc5 12.c4 
bxc4 13.Bxc4 Nc6 14.Bxa6 Nb4 15.Qc4 Nxa6 16.Nb3 a4 
17.Nxc5 Qc7 18.Be3 Nd7 19.Reb1 Naxc5 20.Rbc1 Bxb2 
21.Bxc5 Qxc5 22.Qxc5 Nxc5 23.Rxc5 0-1

[Event "HCL-C4016"]
[Site "www.playchess.de"]
[Date "2006.03.16"]
[Round "4"]
[White "Idris"]
[Black "Kelthek"]
[WhiteElo "880"]
[BlackElo "612"]
[PlyCount "94"]
[Result "0-1"]

1.g4 {Hi}  e5 {Hello}  2.e4 Nf6 3.h3 Nxe4 4.f3 Ng3 
5.Rh2 Qh4 6.Rf2 Nh1 7.Qe2 Bc5 8.Qxe5+ Qe7 9.Qxe7+ 
Bxe7 10.Rg2 Bh4+ 11.Ke2 Ng3+ 12.Rxg3 Bxg3 13.d4 d5 
14.Nd2 O-O 15.Nb3 c6 16.Be3 Nd7 17.Bf2 Bxf2 
18.Kxf2 Nf6 19.Re1 b6 20.Bd3 Be6 21.Ne2 Rac8 
22.Nc3 c5 23.dxc5 bxc5 24.Be2 c4 25.Nd2 Rfd8 
26.Kg3 h5 27.Kh4 g6 28.gxh5 Nxh5 29.Kg5 f6+ 
30.Kxg6 Bf7+ 31.Kf5 Rd6 32.f4 d4 33.Ke4 dxc3 
34.bxc3 Rxd2 35.Kf5 Rc5+ 36.Kg4 Rxc2 37.Kh4 Nxf4 
38.Rg1+ Bg6 39.Bg4 f5 40.Bh5 Nxh5 41.Rxg6+ Ng7 
42.Rd6 Rxc3 43.Ra6 f4 44.Rxa7 Rh5+ 45.Kg4 f3 
46.Kg3 Rg5+ 47.Kf2 Rg2+ 0-1

[Event "HCL-B3879"]
[Site "www.playchess.de"]
[Date "2006.03.16"]
[Round "4"]
[White "slavi"]
[Black "ulibear"]
[WhiteElo "1534"]
[BlackElo "1232"]
[PlyCount "72"]
[Result "1/2-1/2"]

1.e4 c6 2.d4 d5 3.Nc3 dxe4 4.Nxe4 Bf5 5.Ng3 Bg6 
6.h4 h5 7.Nf3 e6 8.c3 Bd6 9.Bg5 f6 10.Bd2 Bxg3 
11.fxg3 Ne7 12.Qb3 Qc8 13.Bc4 Bf7 14.O-O-O Nd5 
15.Bxd5 cxd5 16.Rhe1 O-O 17.Bf4 Rd8 18.Kb1 Bg6+ 
19.Ka1 Be4 20.Rd2 Bxf3 21.gxf3 Nc6 22.Rde2 Re8 
23.Qc2 Kf7 24.g4 hxg4 25.fxg4 Rh8 26.h5 Qe8 
27.Qg6+ Kg8 28.Qxe8+ Rxe8 29.R2xe6 Kf7 30.R6xe8 
Rxe8 31.Rxe8 Kxe8 32.h6 gxh6 33.Bxh6 Kf7 34.Kb1 
Kg6 35.Bf4 f5 36.gxf5+ Kxf5 1/2-1/2

[Event "HCL-C4109"]
[Site "www.playchess.de"]
[Date "2006.03.16"]
[Round "11"]
[White "kolmar"]
[Black "JMD"]
[WhiteElo "985"]
[BlackElo "1293"]
[PlyCount "85"]
[Result "1-0"]

1.e4 e5 {hello from Paris}  2.Nf3 Nf6 3.Nc3 Bc5 
4.h3 d6 5.Bc4 a6 6.d3 b5 7.Bd5 c6 8.Bb3 h6 9.a3 
Qb6 10.O-O a5 11.Qe2 a4 12.Ba2 b4 13.axb4 Bxb4 
14.Be3 Bc5 15.Bxc5 Qxc5 16.Bb3 a3 17.Na4 Qb5 
18.Rxa3 Be6 19.Nc3 Qb7 20.Rfa1 Rxa3 21.Rxa3 Bxb3 
22.Rxb3 Qc7 23.d4 exd4 24.Nxd4 O-O 25.Qc4 Re8 
26.Nd5 Nxd5 27.exd5 c5 28.Nf5 Kh7 29.Qb5 Rf8 
30.Rg3 Rg8 31.Qd3 g6 32.Ne3 Qa5 33.Nc4 Qa6 34.Rf3 
Nd7 35.Rxf7+ Rg7 36.Rxg7+ Kxg7 37.Qe4 h5 38.Qe7+ 
Kh6 39.Nxd6 Nb6 40.Qf8+ Kg5 41.Nf7+ Kf4 42.Qd6+ 
Ke4 43.Qe5+ 1-0

[Event "HCL-M829"]
[Site "www.playchess.de"]
[Date "2006.03.16"]
[Round "8"]
[White "Azulejos"]
[Black "ipakris"]
[WhiteElo "2100"]
[BlackElo "2216"]
[PlyCount "78"]
[Result "0-1"]

1.e4 e5 2.Nf3 Nc6 3.Bc4 Bc5 4.O-O Nf6 5.d3 d6 6.h3 
h6 7.c3 O-O 8.b4 Bb6 9.a4 a5 10.b5 Ne7 11.Bb3 Ng6 
12.Nbd2 d5 13.exd5 Nxd5 14.Ne4 Nf6 15.Ng3 Re8 
16.Qc2 Be6 17.Bxe6 Rxe6 18.c4 c5 19.Re1 Bc7 20.Bb2 
Qe7 21.Re3 Nd7 22.Rae1 Rd8 23.R3e4 Ndf8 24.R1e3 f6 
25.Ba3 b6 26.R3e1 Qd7 27.Rd1 Rd6 28.Re3 {(offering 
draw)}  Nf4 {Not yet, lets see if the pressure 
leads anywhere}  29.Ne1 Qf7 30.Nf3 Qg6 31.Nh4 Qh7 
32.Rd2 R6d7 33.Nhf5 h5 34.Nh4 Nxd3 35.Qb3 e4 
36.Nxe4 Bf4 37.Rde2 Bxe3 38.Rxe3 Ne5 39.f3 
Nfg6 0-1